| 000 | 00000nas 2200000za 4500 |
| 001 | 9.504204 |
| 003 | CaOODSP |
| 005 | 20240131103310 |
| 007 | cr ||||||||||| |
| 008 | 150406d19982003quczr p o||||f| |0fre|d |
| 040 | |aCaOODSP|bfre |
| 043 | |an-cn--- |
| 086 | 1 |aEn151-5F-PDF |
| 245 | 00|aRapport quinquennal ... Saint-Laurent Vision 2000 |h[ressource électronique] / |c[par] Bureau de coordination de Saint-Laurent Vision 2000. |
| 260 | |aSainte-Foy, Québec : |bEnvironnement Canada |
| 310 | |aTous les cinq ans |
| 362 | 0 |a1993/1998-1998/2003. |
| 500 | |aPubl. en collab. avec : Ministère de l'Environnement du Québec. |
| 691 | 07|aProtection de l'environnement|2gcpds |
| 691 | 07|aDéveloppement durable|2gcpds |
| 691 | 07|aGestion de l'eau|2gcpds |
| 710 | 1 |aCanada. |bEnvironnement Canada. |bRégion du Québec. |
| 710 | 2 |aSaint-Laurent Vision 2000 (Canada) |
| 775 | 08|tFive year report ... St. Lawrence Vision 2000 |w(CaOODSP)9.507824 |